000 00286nam a22001337a 4500
008 170309b xxu||||| |||| 00| 0 eng d
020 _a0683016512
041 _aeng
080 _a616.073
100 _a6
101 _aSHM
245 _aLYMPHATIC IMAGING
_cCLOUSE, M.E
942 _2udc
_cBK
999 _c7388
_d7388